000 00233 a2200109 4500
001 63399
082 _a378.1662 ETS
090 _c37452
_d37452
100 _aGRE Board
245 _aGRE Engineering Test
_hEnglish
260 _bETS
942 _aCAE NUST
_k378.1662 ETS
999 _c298472
_d298472